000 01644nam a22002657a 4500
999 _c1557
_d1557
003 CoMeUDC
005 20220523145752.0
008 220523b ||||| |||| 00| 0 eng d
020 _a9502014480
040 _cCO-UdeC
082 _a808.066
_bV819
100 _92099
_aViroglio, Adriana L.
245 _aCómo elaborar monografías y tesis /
_bAdriana L. Viroglio, Ricardo M. Fessia.
250 _aSegunda edición.
260 _aBuenos Aires :
_bLexisNexis Abeledo-Perrot,
_c2002.
300 _a206 p. :
_c22 cm.
504 _aIncluye bibliografía
505 _aIntroducción -- Misión de la universidad -- Preseminario y seminario -- Técnica y método -- ¿Qué es una monografía? -- Elección del tema -- Confección del plan de trabajo -- Recopilación de fuentes -- Fuentes bibliográficas -- Importancia de la existencia de bibliotecas -- Cómo usar una biblioteca -- Clasificación del material bibliográfico -- El libro -- Técnica de fichaje -- Referencia bibliográfica -- La ficha -- Redacción -- Concepto e importancia -- Derecho de cita -- Citas, paráfrasis y plagio -- Algunas recomendaciones respecto de las citas -- Técnicas de las citas -- Las notas -- Nota y cita -- Subnota -- Para qué sirven las notas -- El sistema citas-notas -- Advertencias, trampas y costumbres -- Redacción -- Partes componentes de la monografía y su presentación -- Algunos criterios gráficos
546 _aEspañol.
650 0 _91787
_aLectoescritura
650 0 _91648
_aRedacción de escritos científicos
650 0 _91621
_aTesis y disertaciones académicas
700 _92100
_aFessia, Ricardo M.
942 _2ddc
_cBK